000 01467nam a22002777a 4500
001 1080
005 20250311140408.0
020 _a9789924340881
040 _aFISKH
_beng
_cFISKH
_dFISKH
082 _a959.6
100 _aVanthary, Oum.
245 _aសៀវភៅរូបភាពចូលឆ្នាំខ្មែរ /
246 _aPicture book khmer new year
250 _aPublished in April 2021.
260 _aPhnom Penh :
_bSipar,
_c2021.
300 _a22 unnumbered pages :
_bcolor illustrations,
_c20 x 21​ cm.
505 _aG
520 _aកុមារតូចនិងបានរៀនពាក្យដំបូង ជាមួយនឹងផ្ឬាំងរូបភាពដែលនឹងលើកយកមកបង្ហាញអំពីការប្រារព្វធ្ចើពិធីចូលឆ្នាំខ្មែររប់សប្រជាជនកម្ពុជាជារៀងរាល់ឆ្នាំ។
520 _aBasic vocabulary is introduced to children with paintings of Cambodian people's annually celebrated Khmer New Year.
521 _a350
_bLexile estimate
521 _aG
_bRaz-Plus
650 _aបុណ្យចូលឆ្នាំខ្មែរ
_vការប្រារព្ធពិធី
_xរៀងរាល់ឆ្នាំ
650 _aKhmer New Year
_vCelebration event
_xAnnually
700 _aVisal, Seng
_cillustrator
942 _2ddc
_cBK
_n0
999 _c1080
_d1080